| 000 | 01373nam a2200313 i 4500 | ||
|---|---|---|---|
| 003 | DO-SdBNP | ||
| 005 | 20240712090439.0 | ||
| 006 | a||||gr|||| 00| 0 | ||
| 007 | ta | ||
| 008 | 240708e1989 dr ad||| |||| 00| 0 spa d | ||
| 040 |
_aDO-SdBNP _bspa _cBNPHU _erda |
||
| 082 | 4 |
_222 _bC581m 1989 |
|
| 110 | 2 |
_aCITIBANKO, República Dominicana. _986011 _eautor |
|
| 245 | 1 | 0 |
_aMétodos de financiamientos internacionales a las exportaciones e importaciones / _cInvestigación, compilación y redacción: Zaira Mera de Saviñon. |
| 250 | _aSegunda edición. | ||
| 264 | 1 |
_aSanto Domigo : _bTalleres offset Mograf, _c1989 |
|
| 300 |
_a105 páginas : _bilustraciones, gráficas ; _c28 cm. |
||
| 336 |
_2rdacontent _atexto _btxt |
||
| 337 |
_2rdamedia _asin mediación _bn |
||
| 338 |
_2rdacarrier _avolumen _bnc |
||
| 500 | _aEdición conmemorativa del 25 aniversario en el país. | ||
| 505 |
_aIntroducción.-- _t1. Método de Financiamiento.-- _tII. Créditos bajo Aceptación.-- _tIII. Docuementos de Embarque. _tIV. Seguro.-- _tV. "Definiciones del Comercio Internación resadas en 1941". |
||
| 590 | _aInventariado 2024 / MF | ||
| 650 | 4 |
_aBancos _97047 _zRepública Dominicana |
|
| 650 | 4 |
_aAdministración de Créditos. _918230 _zRepública Dominicana |
|
| 650 | 4 |
_aComercio internacional _910367 |
|
| 700 | 1 |
_aMera de Saviñon, Zaira, _ecompilador _986012 |
|
| 942 |
_2ddc _cLBS1 |
||
| 999 |
_c57218 _d57218 |
||